[Event "Mittelfranken-chTB2b 1920"]
[Site "Mittelfranken"]
[Date "2019.10.13"]
[Round "1.3"]
[White "Leibing, Kai Ingo"]
[Black "Ceglar, Michael"]
[Result "1/2-1/2"]
[WhiteElo "1759"]
[BlackElo "1787"]
[PlyCount "26"]
[EventDate "2019.10.13"]
[EventType "team-tourn"]
[EventRounds "9"]
[EventCountry "GER"]
[SourceTitle "EXT 2023"]
[Source "ChessBase"]
[SourceDate "2022.10.05"]
[SourceVersion "1"]
[SourceVersionDate "2022.10.05"]
[SourceQuality "1"]
[WhiteTeam "Nuernberg SK 1911 II"]
[BlackTeam "Postbauer Heng II"]
[WhiteTeamCountry "GER"]
[BlackTeamCountry "GER"]

1. b3 e5 2. Bb2 Nc6 3. e3 a6 4. Nf3 e4 5. Nd4 Nxd4 6. Bxd4 d5 7. d3 Nf6 8. Nd2 Bf5 9. h3 exd3 10. Bxd3 Bxd3 11. cxd3 Be7 12. 0-0 0-0 13. Nf3 Nd7 1/2-1/2

[Event "Mittelfranken-chTB2b 1819"]
[Site "Mittelfranken"]
[Date "2019.04.28"]
[Round "9.5"]
[White "Leibing, Kai Ingo"]
[Black "Meyer, Harald"]
[Result "1-0"]
[WhiteElo "1775"]
[BlackElo "1634"]
[PlyCount "79"]
[EventDate "2018.10.14"]
[EventType "team-tourn"]
[EventRounds "9"]
[EventCountry "GER"]
[SourceTitle "EXT 2022"]
[Source "ChessBase"]
[SourceDate "2021.10.06"]
[SourceVersion "1"]
[SourceVersionDate "2021.10.06"]
[SourceQuality "1"]
[WhiteTeam "Nuernberg SK 1911 II"]
[BlackTeam "Grossenseebach"]
[WhiteTeamCountry "GER"]
[BlackTeamCountry "GER"]

1. b3 d5 2. Bb2 Nf6 3. Nf3 Nc6 4. d3 Bf5 5. Nbd2 e6 6. g3 Be7 7. Bg2 h6 8. h3 0-0 9. a3 Nd7 10. c4 dxc4 11. Nxc4 Nb6 12. 0-0 Nxc4 13. bxc4 Bf6 14. Bxf6 Qxf6 15. Rb1 Rab8 16. Qa4 e5 17. Nh4 Bd7 18. Kh2 g5 19. Nf3 Qd6 20. Qb3 Kg7 21. Qb2 f6 22. Rbd1 Rfe8 23. e3 Qc5 24. Rc1 b6 25. d4 exd4 26. exd4 Qd6 27. Qc3 Re7 28. Rcd1 Rbe8 29. c5 bxc5 30. dxc5 Qe6 31. h4 g4 32. Nd4 Nxd4 33. Rxd4 h5 34. c6 Bc8 35. Rd5 Qf7 36. Ra5 a6 37. Rd1 Re2 38. Rd2 Rxd2 39. Qxd2 Qc4 40. Rxh5 1-0

[Event "Mittelfranken-chTB2b 1718"]
[Site "Mittelfranken"]
[Date "2018.04.08"]
[Round "7.7"]
[White "Dietrich, Thomas1111"]
[Black "Leibing, Kai Ingo"]
[Result "0-1"]
[WhiteElo "1608"]
[BlackElo "1755"]
[PlyCount "88"]
[EventDate "2017.10.08"]
[EventType "team-tourn"]
[EventRounds "9"]
[EventCountry "GER"]
[SourceTitle "EXT 2022"]
[Source "ChessBase"]
[SourceDate "2021.10.06"]
[SourceVersion "1"]
[SourceVersionDate "2021.10.06"]
[SourceQuality "1"]
[WhiteTeam "Nuernberg Anderssen"]
[BlackTeam "Nuernberg SK 1911 II"]
[WhiteTeamCountry "GER"]
[BlackTeamCountry "GER"]

1. e4 d6 2. d4 Nf6 3. Nc3 c6 4. Bc4 b5 5. Bb3 b4 6. e5 dxe5 7. dxe5 Qxd1+ 8. Nxd1 Nd5 9. h3 e6 10. Nf3 Ba6 11. Bd2 Nd7 12. a3 bxa3 13. bxa3 g6 14. c4 N5b6 15. Ne3 Nc5 16. Bc2 Nxc4 17. Nxc4 Bxc4 18. Be3 Nd3+ 19. Kd2 Nc5 20. Rhd1 Nb3+ 21. Bxb3 Bxb3 22. Rdc1 Bd5 23. Ke2 a6 24. a4 Bb4 25. Bc5 Bxc5 26. Rxc5 0-0 27. g3 Rab8 28. Nd4 Rfc8 29. Rac1 Rb4 30. Nxc6 Rxc6 31. Rxc6 Bxc6 32. Rxc6 Rxa4 33. f4 Ra3 34. Kf2 h5 35. g4 h4 36. Kg2 a5 37. Ra6 a4 38. f5 gxf5 39. gxf5 exf5 40. Rf6 Re3 41. Rxf5 a3 42. Rf4 Rxe5 43. Rxh4 Ra5 44. Re4 a2 0-1

[Event "Mittelfranken-chTB2b 1516"]
[Site "Mittelfranken"]
[Date "2016.04.17"]
[Round "9.2"]
[White "Weber, Alexander"]
[Black "Leibing, Kai Ingo"]
[Result "1/2-1/2"]
[WhiteElo "1799"]
[BlackElo "1780"]
[PlyCount "20"]
[EventDate "2015.10.18"]
[EventType "team-tourn"]
[EventRounds "9"]
[EventCountry "GER"]
[SourceTitle "EXT 2020"]
[Source "ChessBase"]
[SourceDate "2019.10.17"]
[SourceVersion "1"]
[SourceVersionDate "2019.10.17"]
[SourceQuality "1"]
[WhiteTeam "Erlangen SC III"]
[BlackTeam "Nuernberg SK 1911 II"]
[WhiteTeamCountry "GER"]
[BlackTeamCountry "GER"]

1. e4 d6 2. d4 Nf6 3. Nc3 c6 4. f4 g6 5. Nf3 Bg7 6. Be2 a6 7. a4 0-0 8. 0-0 b6 9. h3 Bb7 10. Be3 b5 1/2-1/2

[Event "Mittelfranken-chTB2b 1516"]
[Site "Mittelfranken"]
[Date "2015.11.22"]
[Round "3.2"]
[White "Leibing, Kai Ingo"]
[Black "Lutter, Maximilian"]
[Result "0-1"]
[WhiteElo "1780"]
[BlackElo "1910"]
[PlyCount "70"]
[EventDate "2015.10.18"]
[EventType "team-tourn"]
[EventRounds "9"]
[EventCountry "GER"]
[SourceTitle "EXT 2020"]
[Source "ChessBase"]
[SourceDate "2019.10.17"]
[SourceVersion "1"]
[SourceVersionDate "2019.10.17"]
[SourceQuality "1"]
[WhiteTeam "Nuernberg SK 1911 II"]
[BlackTeam "Neumarkt"]
[WhiteTeamCountry "GER"]
[BlackTeamCountry "GER"]

1. b3 e5 2. Bb2 Nc6 3. d3 g6 4. Nd2 Bg7 5. e3 d6 6. Ngf3 f5 7. g3 Nh6 8. Bg2 Nf7 9. a3 0-0 10. Rb1 Be6 11. c4 Qe7 12. 0-0 Rad8 13. Qc2 g5 14. d4 Bc8 15. d5 Nb8 16. b4 Nh8 17. Rbd1 Ng6 18. c5 f4 19. exf4 gxf4 20. cxd6 cxd6 21. Ne4 Bf5 22. Rfe1 Qd7 23. Nfg5 Kh8 24. Qb3 Rde8 25. Ne6 Rxe6 26. dxe6 Bxe6 27. Qd3 Bh3 28. Qxd6 Qf5 29. Bh1 f3 30. Re3 Qg4 31. Qd3 Nf4 32. Bxf3 Nxd3 33. Bxg4 Nxb2 34. Rc1 Bxg4 35. Kg2 Bh6 0-1

[Event "Mittelfranken-chTB2b 1516"]
[Site "Mittelfranken"]
[Date "2015.10.18"]
[Round "1.2"]
[White "Leibing, Kai Ingo"]
[Black "Hanisch, Friedrich"]
[Result "0-1"]
[WhiteElo "1780"]
[BlackElo "2054"]
[PlyCount "106"]
[EventDate "2015.10.18"]
[EventType "team-tourn"]
[EventRounds "9"]
[EventCountry "GER"]
[SourceTitle "EXT 2020"]
[Source "ChessBase"]
[SourceDate "2019.10.17"]
[SourceVersion "1"]
[SourceVersionDate "2019.10.17"]
[SourceQuality "1"]
[WhiteTeam "Nuernberg SK 1911 II"]
[BlackTeam "Lauf SV"]
[WhiteTeamCountry "GER"]
[BlackTeamCountry "GER"]

1. b3 Nf6 2. Bb2 d5 3. d3 g6 4. Nf3 Bg7 5. g3 0-0 6. Bg2 c5 7. Nbd2 Nc6 8. e3 Bg4 9. h3 Bd7 10. 0-0 Qc7 11. a3 e5 12. c4 Rfe8 13. Qc2 dxc4 14. Qxc4 Qd6 15. Ng5 Qe7 16. Rac1 Bf8 17. d4 cxd4 18. exd4 Nxd4 19. Bxd4 Rac8 20. Qd3 Rxc1 21. Rxc1 exd4 22. Qxd4 b6 23. b4 h6 24. Nge4 Nxe4 25. Nxe4 Bg7 26. Qd6 Bf5 27. Rc7 Qxd6 28. Nxd6 Re1+ 29. Kh2 Be5 30. Rxf7 Bxd6 31. Rxa7 Re7 32. Ra6 Bc7 33. a4 Bd3 34. Ra8+ Kg7 35. a5 bxa5 36. bxa5 Kf6 37. Bf3 h5 38. Kg2 Ke5 39. a6 Bb6 40. Rb8 Ba7 41. Rg8 Re6 42. g4 hxg4 43. Bxg4 Rxa6 44. Kg3 Ra3 45. f3 Ra2 46. Re8+ Kf6 47. Re6+ Kf7 48. Rc6 Bf2+ 49. Kf4 Ra4+ 50. Kg5 Be3+ 51. Kh4 Bf5 52. Kg3 Bf4+ 53. Kh4 Ra8 0-1

[Event "Mittelfranken-chTB1 1415"]
[Site "Mittelfranken"]
[Date "2015.02.08"]
[Round "6.1"]
[White "Leibing, Kai Ingo"]
[Black "Sippl, Martin"]
[Result "1/2-1/2"]
[WhiteElo "1780"]
[BlackElo "1950"]
[PlyCount "85"]
[EventDate "2014.09.29"]
[EventType "team-tourn"]
[EventRounds "9"]
[EventCountry "GER"]
[SourceTitle "EXT 2020"]
[Source "ChessBase"]
[SourceDate "2019.10.17"]
[SourceVersion "1"]
[SourceVersionDate "2019.10.17"]
[SourceQuality "1"]
[WhiteTeam "Nuernberg SK 1911 II"]
[BlackTeam "Postbauer Heng"]
[WhiteTeamCountry "GER"]
[BlackTeamCountry "GER"]

1. b3 e5 2. Bb2 d6 3. d3 f5 4. Nf3 Nf6 5. g3 Be7 6. e3 0-0 7. Bg2 Qe8 8. Nbd2 Na6 9. 0-0 h6 10. h3 g5 11. c4 Qg6 12. Qe2 c6 13. a3 Nc7 14. c5 e4 15. dxe4 fxe4 16. Nh2 d5 17. f3 Nh5 18. fxe4 Nxg3 19. Rxf8+ Bxf8 20. Qf2 Nxe4 21. Nxe4 dxe4 22. b4 Nd5 23. Rf1 Be6 24. Ng4 Bxg4 25. hxg4 Qe6 26. Bd4 Be7 27. Qf5 Qxf5 28. Rxf5 Rf8 29. Bxe4 Rxf5 30. Bxf5 Bf6 31. Be6+ Kf8 32. Bxd5 Bxd4 33. exd4 cxd5 34. b5 Ke7 35. Kf2 Kd7 36. Ke3 Kc7 37. Kd3 Kd7 38. a4 a5 39. bxa6 bxa6 40. Kc3 a5 41. Kd3 Ke6 42. Ke3 Kf6 43. Kf3 1/2-1/2

[Event "Mittelfranken-chTB1 1415"]
[Site "Mittelfranken"]
[Date "2014.11.16"]
[Round "3.1"]
[White "Abel, Peter"]
[Black "Leibing, Kai Ingo"]
[Result "1-0"]
[WhiteElo "2173"]
[BlackElo "1780"]
[PlyCount "79"]
[EventDate "2014.09.29"]
[EventType "team-tourn"]
[EventRounds "9"]
[EventCountry "GER"]
[SourceTitle "EXT 2020"]
[Source "ChessBase"]
[SourceDate "2019.10.17"]
[SourceVersion "1"]
[SourceVersionDate "2019.10.17"]
[SourceQuality "1"]
[WhiteTeam "Nuernberg Sued SW III"]
[BlackTeam "Nuernberg SK 1911 II"]
[WhiteTeamCountry "GER"]
[BlackTeamCountry "GER"]

1. c4 d6 2. Nc3 Nf6 3. g3 c6 4. Bg2 e5 5. d4 Nbd7 6. e4 Be7 7. Nge2 b6 8. h3 Bb7 9. Be3 a6 10. a4 Rb8 11. 0-0 0-0 12. f4 b5 13. axb5 axb5 14. cxb5 cxb5 15. d5 b4 16. Na4 Ba6 17. b3 Qc7 18. Qd2 Rfc8 19. Rfc1 Qb7 20. Kf2 Qb5 21. Nb2 Nc5 22. Bxc5 Rxc5 23. Rxc5 Qxc5+ 24. Qe3 Qc8 25. Rc1 Qd7 26. Nc4 Bd8 27. Qd2 Qa7+ 28. Qe3 Qd7 29. Qd2 Qa7+ 30. Kf1 Bxc4 31. Rxc4 Ba5 32. Bf3 Nd7 33. Nc1 f6 34. Nd3 Nc5 35. Nxc5 dxc5 36. d6 exf4 37. gxf4 Bb6 38. e5 fxe5 39. Qd5+ Qf7 40. fxe5 1-0

[Event "Mittelfranken-chTB2a 1314"]
[Site "Mittelfranken"]
[Date "2014.05.04"]
[Round "9.5"]
[White "Leibing, Kai Ingo"]
[Black "Hinzmann, Alexander"]
[Result "1/2-1/2"]
[WhiteElo "1780"]
[BlackElo "1764"]
[PlyCount "90"]
[EventDate "2013.10.20"]
[EventType "team-tourn"]
[EventRounds "9"]
[EventCountry "GER"]
[SourceTitle "EXT 2020"]
[Source "ChessBase"]
[SourceDate "2019.10.17"]
[SourceVersion "1"]
[SourceVersionDate "2019.10.17"]
[SourceQuality "1"]
[WhiteTeam "Nuernberg SK 1911 II"]
[BlackTeam "Fuerth SF II"]
[WhiteTeamCountry "GER"]
[BlackTeamCountry "GER"]

1. b3 e5 2. Bb2 d6 3. d3 f5 4. Nd2 Nf6 5. e3 c5 6. Ngf3 Be7 7. g3 b6 8. Bg2 Bb7 9. c4 0-0 10. 0-0 Na6 11. a3 Nc7 12. b4 a6 13. Nb3 e4 14. Nfd2 Qc8 15. bxc5 dxc5 16. d4 Qe6 17. Qe2 Rad8 18. a4 Nd7 19. a5 b5 20. dxc5 Nxc5 21. Nd4 Qd7 22. cxb5 Nxb5 23. Nc4 Nd3 24. Nb6 Qd6 25. Nxb5 axb5 26. Bd4 Bf6 27. Bxf6 Rxf6 28. Rfb1 Ba6 29. Qc2 Rf7 30. Bf1 Rc7 31. Qb3+ Kh8 32. Rd1 b4 33. Rab1 Qc5 34. Qxb4 h6 35. Qxc5 Rxc5 36. Ra1 Rd6 37. Ra2 Rdc6 38. Nd7 Rd5 39. Nb8 Rcd6 40. Rb1 Rc5 41. Rb6 Rxb6 42. axb6 Bc4 43. Rc2 Bd5 44. Rxc5 Nxc5 45. Na6 Nd7 1/2-1/2

[Event "Mittelfranken-chTB2a 1314"]
[Site "Mittelfranken"]
[Date "2014.01.12"]
[Round "4.3"]
[White "Leibing, Kai Ingo"]
[Black "Veh Hoelzlein, Michael"]
[Result "1/2-1/2"]
[WhiteElo "1780"]
[BlackElo "1950"]
[PlyCount "55"]
[EventDate "2013.10.20"]
[EventType "team-tourn"]
[EventRounds "9"]
[EventCountry "GER"]
[SourceTitle "EXT 2020"]
[Source "ChessBase"]
[SourceDate "2019.10.17"]
[SourceVersion "1"]
[SourceVersionDate "2019.10.17"]
[SourceQuality "1"]
[WhiteTeam "Nuernberg SK 1911 II"]
[BlackTeam "Cadolzburg"]
[WhiteTeamCountry "GER"]
[BlackTeamCountry "GER"]

1. b3 Nf6 2. Bb2 d5 3. Nf3 Bf5 4. d3 e6 5. g3 Be7 6. Bg2 0-0 7. 0-0 h6 8. Nbd2 c5 9. a3 Nc6 10. Re1 Rc8 11. h3 b5 12. a4 a6 13. Ne5 Nxe5 14. Bxe5 Nd7 15. Bb2 Nb6 16. e4 dxe4 17. Nxe4 bxa4 18. bxa4 c4 19. Ba3 Re8 20. Bxe7 Rxe7 21. a5 Nd5 22. d4 Bxe4 23. Bxe4 Rd7 24. Qf3 Rb8 25. Ra4 Qc7 26. Bxd5 Rxd5 27. Qc3 Rc8 28. Rb1 1/2-1/2

[Event "Mittelfranken-chTB2b 1011"]
[Site "Germany"]
[Date "2010.12.05"]
[Round "4.6"]
[White "Leibing, Kai Ingo"]
[Black "Goetz, Martin"]
[Result "1-0"]
[WhiteElo "1792"]
[BlackElo "1912"]
[PlyCount "95"]
[EventDate "2010.09.26"]
[EventType "team-tourn"]
[EventRounds "9"]
[EventCountry "GER"]
[SourceTitle "EXT 2012"]
[Source "ChessBase"]
[SourceDate "2011.11.24"]
[SourceVersion "1"]
[SourceVersionDate "2011.11.24"]
[SourceQuality "1"]
[WhiteTeam "Nuernberg SK 1911 II"]
[BlackTeam "Cadolzburg"]
[WhiteTeamCountry "GER"]
[BlackTeamCountry "GER"]

1. b3 c5 2. Bb2 Nc6 3. g3 d5 4. Nf3 Nf6 5. Bg2 Bg4 6. h3 Bxf3 7. Bxf3 e5 8. d3 Be7 9. Nd2 0-0 10. 0-0 Qd7 11. Bg2 Rad8 12. e3 Ne8 13. a3 f5 14. c4 Nc7 15. cxd5 Nxd5 16. Nc4 Bf6 17. e4 Nde7 18. exf5 Qxf5 19. Be4 Qxh3 20. Ne3 Bg5 21. Ng4 Kh8 22. Bg2 Qh5 23. Nxe5 Qxd1 24. Raxd1 Nxe5 25. Bxe5 b6 26. Be4 Nf5 27. b4 Be7 28. bxc5 Bxc5 29. Bxf5 Rxf5 30. d4 Bxa3 31. Ra1 Bf8 32. Rxa7 Kg8 33. Rb7 Bd6 34. f4 Bxe5 35. dxe5 Rd3 36. Kg2 Rd2+ 37. Rf2 Rd1 38. Rc2 Rf8 39. Rcc7 Rfd8 40. Rxg7+ Kf8 41. Rxh7 Kg8 42. Rhc7 Rb1 43. Kf3 b5 44. f5 b4 45. f6 b3 46. Rg7+ Kf8 47. Rh7 Rf1+ 48. Ke2 1-0

[Event "Mittelfranken-chTB2b 1011"]
[Site "Germany"]
[Date "2010.10.17"]
[Round "2.4"]
[White "Leibing, Kai Ingo"]
[Black "Krauss, Hermann"]
[Result "1/2-1/2"]
[WhiteElo "1792"]
[BlackElo "1993"]
[PlyCount "42"]
[EventDate "2010.09.26"]
[EventType "team-tourn"]
[EventRounds "9"]
[EventCountry "GER"]
[SourceTitle "EXT 2012"]
[Source "ChessBase"]
[SourceDate "2011.11.24"]
[SourceVersion "1"]
[SourceVersionDate "2011.11.24"]
[SourceQuality "1"]
[WhiteTeam "Nuernberg SK 1911 II"]
[BlackTeam "Nuernberg NT IV"]
[WhiteTeamCountry "GER"]
[BlackTeamCountry "GER"]

1. b3 e5 2. Bb2 d6 3. d3 b6 4. Nf3 Bb7 5. g3 Nd7 6. c4 g6 7. Bg2 Bg7 8. e3 Ne7 9. e4 0-0 10. 0-0 h6 11. Nc3 Nc5 12. Nd5 c6 13. Nxe7+ Qxe7 14. b4 Ne6 15. a3 Kh7 16. d4 Rad8 17. d5 cxd5 18. cxd5 Ng5 19. Nh4 Ba6 20. Re1 Qd7 21. f4 exf4 1/2-1/2

[Event "Mittelfrankenliga-B2b 0708"]
[Site "Mittelfranken"]
[Date "2008.03.02"]
[Round "7.3"]
[White "Leibing, Kai Ingo"]
[Black "Muenster, Manfred"]
[Result "1/2-1/2"]
[WhiteElo "1825"]
[BlackElo "1936"]
[PlyCount "53"]
[EventDate "2007.10.14"]
[EventType "team-tourn"]
[EventRounds "9"]
[EventCountry "GER"]
[SourceTitle "EXT 2011"]
[Source "ChessBase"]
[SourceDate "2010.11.26"]
[SourceVersion "1"]
[SourceVersionDate "2010.11.26"]
[SourceQuality "1"]
[WhiteTeam "Nuernberg SK 1911 II"]
[BlackTeam "Heilsbronn"]
[WhiteTeamCountry "GER"]
[BlackTeamCountry "GER"]

1. b3 d5 2. Bb2 Bf5 3. Nf3 h6 4. d3 Nc6 5. e3 Nf6 6. Nbd2 e6 7. g3 Bd6 8. Bg2 0-0 9. 0-0 Re8 10. a3 Bh7 11. Re1 e5 12. e4 dxe4 13. Nxe4 Nxe4 14. dxe4 Qe7 15. c4 Rad8 16. Qb1 a5 17. Nh4 Bc5 18. Nf5 Bxf5 19. exf5 Rd2 20. Rf1 Bxf2+ 21. Kh1 e4 22. Bc3 Rd3 23. Bxg7 Kxg7 24. Rxf2 f6 25. Re2 Rd4 26. Qc2 e3 27. Qc3 1/2-1/2

[Event "Mittelfrankenliga-B2b 0607"]
[Site "Mittelfranken"]
[Date "2007.05.06"]
[Round "9.3"]
[White "Wegmann, Wolfgang"]
[Black "Leibing, Kai Ingo"]
[Result "1/2-1/2"]
[WhiteElo "1827"]
[BlackElo "1900"]
[PlyCount "20"]
[EventDate "2006.10.22"]
[EventType "team-tourn"]
[EventRounds "9"]
[EventCountry "GER"]
[SourceTitle "EXT 2011"]
[Source "ChessBase"]
[SourceDate "2010.11.26"]
[SourceVersion "1"]
[SourceVersionDate "2010.11.26"]
[SourceQuality "1"]
[WhiteTeam "Heideck/Hilpoltstein"]
[BlackTeam "Nuernberg SK 1911 II"]
[WhiteTeamCountry "GER"]
[BlackTeamCountry "GER"]

1. e4 d6 2. Bc4 Nf6 3. Qe2 e5 4. f4 exf4 5. d4 Nc6 6. Bb5 Bd7 7. Nf3 Be7 8. Bxf4 0-0 9. h3 Nh5 10. Bh2 Bh4+ 1/2-1/2

[Event "Mittelfrankenliga-B2b 0607"]
[Site "Mittelfranken"]
[Date "2007.01.28"]
[Round "5.4"]
[White "Leibing, Kai Ingo"]
[Black "Truempelmann, Jochen"]
[Result "1/2-1/2"]
[WhiteElo "1900"]
[BlackElo "1903"]
[PlyCount "38"]
[EventDate "2006.10.22"]
[EventType "team-tourn"]
[EventRounds "9"]
[EventCountry "GER"]
[SourceTitle "EXT 2011"]
[Source "ChessBase"]
[SourceDate "2010.11.26"]
[SourceVersion "1"]
[SourceVersionDate "2010.11.26"]
[SourceQuality "1"]
[WhiteTeam "Nuernberg SK 1911 II"]
[BlackTeam "Cadolzburg"]
[WhiteTeamCountry "GER"]
[BlackTeamCountry "GER"]

1. b3 d5 2. Bb2 c5 3. g3 Nc6 4. Nf3 Nf6 5. Bg2 e6 6. d3 Bd6 7. Nbd2 0-0 8. 0-0 e5 9. e3 Re8 10. a3 Bg4 11. h3 Bd7 12. c4 dxc4 13. Nxc4 Bc7 14. Qc2 Qe7 15. Rac1 Rad8 16. d4 cxd4 17. exd4 exd4 18. Nxd4 Nxd4 19. Bxd4 Bb8 1/2-1/2

[Event "Mittelfrankenliga-B2a 0506"]
[Site "Germany"]
[Date "2006.03.19"]
[Round "7.4"]
[White "Leibing, Kai Ingo"]
[Black "Mueller, Stefan"]
[Result "0-1"]
[WhiteElo "1850"]
[BlackElo "1967"]
[PlyCount "54"]
[EventDate "2005.10.16"]
[EventType "team"]
[EventRounds "9"]
[EventCountry "GER"]
[SourceTitle "EXT 2007"]
[Source "ChessBase"]
[SourceDate "2006.11.23"]
[SourceVersion "1"]
[SourceVersionDate "2006.11.23"]
[SourceQuality "1"]

1. b3 e5 2. Bb2 Nc6 3. g3 d6 4. Bg2 Nf6 5. d3 g6 6. Nd2 Bg7 7. Ngf3 0-0 8. 0-0 h6 9. c4 Be6 10. a3 Qd7 11. e3 Bh3 12. b4 Bxg2 13. Kxg2 a6 14. Rc1 Rae8 15. Qc2 Nh7 16. d4 exd4 17. exd4 Re2 18. b5 Nd8 19. bxa6 bxa6 20. d5 Ng5 21. Nxg5 hxg5 22. Bxg7 Kxg7 23. Qd3 Ree8 24. c5 Rh8 25. Qd4+ f6 26. g4 dxc5 27. Rxc5 Ne6 0-1

[Event "Oberliga Bayern 9394"]
[Site "Bayern"]
[Date "1993.12.05"]
[Round "3.7"]
[White "Leibing, Kai Ingo"]
[Black "Sattler, Stefan"]
[Result "1/2-1/2"]
[WhiteElo "1895"]
[BlackElo "2120"]
[PlyCount "53"]
[EventDate "1993.10.10"]
[EventType "team-tourn"]
[EventRounds "9"]
[EventCountry "GER"]
[SourceTitle "EXT 2020"]
[Source "ChessBase"]
[SourceDate "2019.10.17"]
[SourceVersion "1"]
[SourceVersionDate "2019.10.17"]
[SourceQuality "1"]
[WhiteTeam "Nuernberg Grundig SC"]
[BlackTeam "Erlangen TB"]
[WhiteTeamCountry "GER"]
[BlackTeamCountry "GER"]

1. b3 e5 2. Bb2 Nc6 3. g3 Bc5 4. Bg2 d6 5. d3 Nge7 6. Nf3 Bg4 7. Nbd2 Qd7 8. a3 a5 9. h3 Bh5 10. c4 0-0 11. 0-0 f5 12. Rc1 Qe6 13. Qc2 h6 14. e3 Qf6 15. Rce1 Rae8 16. Qc3 Bb6 17. b4 axb4 18. axb4 Kh7 19. Nh2 g5 20. Nb3 Bg6 21. c5 Ba7 22. b5 Nd8 23. f4 Ng8 24. fxe5 Qxe5 25. Qxe5 dxe5 26. Ra1 Bb8 27. Ra8 1/2-1/2